00986 2200325 4500001002100000005001500021035002000036007000300056008004100059020002200100040002200122082001600144084001800160090002200178100002900200245009700229250003300326300004500359500001100404650002100415700002700436850001200463504003300475264003400508336002100542337003000563338002300593999002200616990002200638INLIS00000000089691720250611112213 a0010-0625000288ta250611s2025 yoia g 1 ind d a978-623-261-920-3 aYOPDYOGbinderda04223a297.267 a297.267 NAW m aCB-D.11 2025-12710 aNawari IsmailePengarang01aMenuju antropologi Islam :bbudaya lokal dan islam /cNawari Ismail ; Penyunting, Hanita Ayu aCetakan Pertama : April 2025 ax, 168 halaman :btabel, gambar ;c23 cm 3Indeks 4aKebudayaan Islam0 aHanita AyuePenyunting aYOPDYOG aBibliografi: halaman 157-16231aBantul :bSamudra Biru,c2025 2rdacontentateks 2rdamediaatanpa perantara 2rdacarrieravolume aCB-D.11/2025-1271 aCB-D.11/2025-1271